000 00222nam a22000857a 4500
008 240723b |||||||| |||| 00| 0 eng d
100 _aBond Ruskin
245 _aThe Horror Omnibus
260 _aNew Delhi
_bRupa Publications
_c2022
999 _c12606
_d12606